Circular knitting / (Record no. 15037)

000 -LEADER
fixed length control field 00938cam a22002417a 4500
020 ## - INTERNATIONAL STANDARD BOOK NUMBER
ISBN 9780470874264 (pbk.)
020 ## - INTERNATIONAL STANDARD BOOK NUMBER
ISBN 0470874260 (pbk.)
040 ## - CATALOGING SOURCE
Transcribing agency BTCTA
082 04 - DEWEY DECIMAL CLASSIFICATION NUMBER
Classification number 746 WIL 2011 A073 Or.
100 1# - MAIN ENTRY--AUTHOR NAME
Personal name Morgan-Oakes, Melissa.
245 10 - TITLE STATEMENT
Title Circular knitting /
246 3# - VARYING FORM OF TITLE
Title proper/short title Teach yourself visually circular knitting
260 ## - PUBLICATION, DISTRIBUTION, ETC. (IMPRINT)
Place of publication Hoboken, NJ :
Name of publisher Wiley,
Year of publication 2011.
300 ## - PHYSICAL DESCRIPTION
Number of Pages 245 p. :
Other physical details col. ill. ;
Dimensions 23 cm.
490 1# - SERIES STATEMENT
Series statement Teach yourself visually
490 1# - SERIES STATEMENT
Series statement Visual read less, learn more
500 ## - GENERAL NOTE
General note Includes index.
520 ## - SUMMARY, ETC.
Summary, etc Knitting in the round has benefits over knitting with straight needles, including seamless finished projects, easy portability, and not having to turn your work. With patterns ranging from scarves and hats to sweaters and baby sets, this visual guide will have you knitting in the round in no time.
650 #0 - SUBJECT ADDED ENTRY--TOPICAL TERM
Topical Term Knitting.
650 #7 - SUBJECT ADDED ENTRY--TOPICAL TERM
Topical Term Knitting.
650 #7 - SUBJECT ADDED ENTRY--TOPICAL TERM
Topical Term Knitting
942 ## - ADDED ENTRY ELEMENTS (KOHA)
Koha item type សៀវភៅភាសាអង់គ្លេស

No items available.

មជ្ឈមណ្ឌលឯការនៃសាកលវិទ្យាល័យភូមិន្ទកសិកម្មចំការដូង

Powered by Koha